[Event "SCG-chT Vojvodina"]
[Site "Sombor"]
[Date "2004.10.01"]
[Round "9.4"]
[White "Radonjic, Aleksandar"]
[Black "Dragojlovic, Andjelko"]
[Result "1/2-1/2"]
[WhiteElo "2131"]
[BlackElo "2309"]
[PlyCount "65"]
[EventDate "2004.09.25"]
[EventType "team"]
[EventRounds "11"]
[EventCountry "YUG"]
[SourceTitle "CBM 102 Extra"]
[Source "ChessBase"]
[SourceDate "2004.11.03"]
[SourceVersion "1"]
[SourceVersionDate "2004.11.03"]
[SourceQuality "1"]
[WhiteTeam "10"]
[BlackTeam "02"]
[WhiteTeamCountry "YUG"]
[BlackTeamCountry "YUG"]

1. e4 g6 2. Nc3 Bg7 3. d4 d6 4. f4 a6 5. Nf3 e6 6. Bd3 Ne7 7. 0-0 b6 8. Be3 c5 9. dxc5 bxc5 10. e5 Nd5 11. Bf2 Nxc3 12. bxc3 0-0 13. exd6 Nd7 14. Rb1 Qa5 15. c4 Ra7 16. Qe2 Rb7 17. Ne5 Rxb1 18. Rxb1 Qxa2 19. Qe1 Nxe5 20. fxe5 Bxe5 21. Bxc5 Bc3 22. Qc1 Bd7 23. Rb3 Qa5 24. Qa3 Qxa3 25. Rxa3 Rc8 26. Be3 Bb4 27. Rxa6 Kf8 28. Rb6 Ba3 29. Ra6 Bb4 30. Kf1 e5 31. Rb6 Ba3 32. Ra6 Bb4 33. Rb6 1/2-1/2